Niroopana Sahyam (Record no. 64269)

MARC details
000 -LEADER
fixed length control field 00450nam a2200145Ia 4500
008 - FIXED-LENGTH DATA ELEMENTS--GENERAL INFORMATION
fixed length control field 211109s9999||||xx |||||||||||||| ||und||
082 ## - DEWEY DECIMAL CLASSIFICATION NUMBER
Classification number 894.81207
Item number VEL-N
100 ## - MAIN ENTRY--PERSONAL NAME
Personal name P V, Velayudhan Pillai
245 #0 - TITLE STATEMENT
Title Niroopana Sahyam
260 ## - PUBLICATION, DISTRIBUTION, ETC.
Name of publisher, distributor, etc. National Book Stall
Place of publication, distribution, etc. Kottayam B N 1262
Date of publication, distribution, etc. 1975
300 ## - PHYSICAL DESCRIPTION
Extent 194p
630 ## - SUBJECT ADDED ENTRY--UNIFORM TITLE
General subdivision GENERAL STACK
650 ## - SUBJECT ADDED ENTRY--TOPICAL TERM
Topical term or geographic name entry element Malayalam Literature
942 ## - ADDED ENTRY ELEMENTS (KOHA)
Koha item type BOOK
650 ## - SUBJECT ADDED ENTRY--TOPICAL TERM
General subdivision Malayalam Literary StudiesMalayalam Literary Criticism
Form subdivision Malayalam
Holdings
Withdrawn status Lost status Damaged status Not for loan Home library Current library Date acquired Cost, normal purchase price Total Checkouts Full call number Barcode Shelving location Date last seen Price effective from Koha item type
        SB LIBRARY SB LIBRARY 09/11/2021 10.00   894.81207 VEL-N 00047991 GENERAL STACK 09/11/2021 09/11/2021 BOOK

Powered by Koha